000 01445nam a2200397 c 4500
001 8967
003 ES-MaCES
005 20141221122001.0
008 990601s1999 sp l 000 | spa d
017 _aVA 256-1999
_bDL
020 _a8484060810
035 _aCES19990008761m
040 _aES-MaCES
_bspa
_cES-MaCES
245 0 3 _aEl nuevo impuesto sobre la renta de las personas físicas
_cRafel Calvo Ortega... [et al.] ; coordinador, José Luis Muñoz del Castillo
260 _aValladolid
_bLex Nova
_c1999
300 _a520 p.
_c24 cm
490 1 _aDerecho financiero y tributario
_v32
504 _aBibliografía: p. 371-383
541 _cCompra
610 1 4 _aEspaña
_tLey del impuesto sobre la renta de las personas físicas y otras normas tributarias
_d1998
_92962
650 4 _aimpuesto sobre la renta de personas físicas
_928084
650 4 _arecaudación de impuestos
_928087
650 4 _areforma tributaria
_928091
650 4 _areforma legislativa
_929892
650 4 _alegislación económica
_927161
650 4 _atexto
_929624
650 4 _aEspaña
_926964
650 4 _aComunidades Autónomas
_930768
653 1 0 _aFiscalidad
700 1 _aCalvo Ortega, Rafael
_98766
700 1 _aMuñoz del Castillo, José Luis
_ecol.
_919368
830 0 _aDerecho financiero y tributario (Editorial Lex nova)
_v32
_932620
902 _aLIB Libro
942 _2CES
_cBK
_h0.1.
999 _c8967
_d8967